| 000 | 00682nam a2200205 a 4500 | ||
|---|---|---|---|
| 999 |
_c8104 _d8104 |
||
| 001 | 8104 | ||
| 003 | BD-JhCC | ||
| 005 | 20180218183107.0 | ||
| 008 | 180218s2005 b |||| |||| 000 0 ben d | ||
| 035 | _a(BD-JhCC)8104 | ||
| 040 |
_aBD-JhCC _dBD-JhCC |
||
| 041 | _aben | ||
| 082 |
_a001 _bCUR 2005 |
||
| 245 |
_aকারেন্ট নিউজ অ্যালবাম ২০০৫ / _cমোঃ রফিকুল ইসলাম |
||
| 260 |
_aঢাকা : _bকারেন্ট পাবলিকেশন্স, _c২০০৫. |
||
| 300 |
_a935 P. : _c25 cm. |
||
| 650 | _aGeneral Knowledge | ||
| 700 | _a ইসলাম, মোঃ রফিকুল | ||
| 942 |
_2ddc _cBK |
||